000 01455nam a2200301 a 4500
001 BRCA_2535
005 20190320203844.0
008 261108c1863----sp-#---###---#000-0#spa-u
041 _aspa
044 _asp
084 _a154
_b.R58
_c1863
100 1 _aCervantes Saavedra, Miguel de
_d1547-1616
_9213
245 1 0 _aEl Ingenioso Hidalgo Don Quijote de la Mancha
_ccompuesto por Miguel de Cervantes Saavedra.
260 _aArgamasilla de Alba (España)
_bManuel Rivadeneyra
_c1863
300 _a4 v.
_c14 cm.
500 _aContenido : v 1. Primera parte. Prólogo de J. E. Hartzenbush. Diario de los viajes de D. Quijote. Prólogo del autor. Versos preliminares. Texto. -- v 2. Texto. -- v 3. Segunda parte. Dedicatoria del autor. Prólogo del autor. Texto. -- v 4. Texto. Apéndices
500 _aEdición : Edición corregida con especial estudio de la primera, por J. E. Hartzenbusch
500 _aImpresión similar al LO-153, pero de menor tamaño y hecha en papel de hilo. Edición económica Lúdovik Osterc
500 _aQM140
650 1 4 _aNovela española
_yÉpoca clásica, 1500-1700
_9215
650 1 4 _aLiteratura española
_yÉpoca clásica, 1500-1700
_9216
650 1 4 _aNovela española
_ySiglo XVII
_9217
650 1 4 _aDon Quijote (Personaje ficticio)
_eNovela
_9218
700 1 _aHartzenbusch, Juan Eugenio
_d1806-1880
_eAnotador
_97275
740 0 _aEl Ingenioso Hidalgo Don Quijote de la Mancha
902 _aQFM
942 _2lcc
_cB
999 _c2276
_d2276